000 00989cam a2200193 i 4500
005 20260125114318.0
008 250721s2024 ue gr 000 0 ara d
020 _a9789777614610
082 1 4 _a346.02
_bش و ب
100 1 _aالشوبكي، احمد كمال علي علي
_eمؤلف.
245 1 0 _aحدود سلطة الادارة والخطأ المبرر بتوقيع الجزاءات :
_bفي عقد التوريد الادارية طبقا لاحكام القانون 182 لسنة 2018 ولائحته التنفيذية وقضاء وافتاء مجلس الدولة /
_cالدكتور احمد كمال علي علي الشوبكي.
250 _aالطبعة الاولى.
264 3 1 _aالقاهرة :
_bالمركز القومي للاصدارات القانونية ؛
_bدار وليد للنشر والتوزيع،
_c2024.
300 _a488 صفحة.
650 1 7 _aالقانون.
650 1 7 _aالعقود.
942 _2ddc
_cBK
999 _c146252
_d146252